| 000 | 00482nam a2200181Ia 4500 | ||
|---|---|---|---|
| 001 | 7705 | ||
| 005 | 20260306160515.0 | ||
| 008 | 260306t2012||||xx |||||||||||||| ||spa|| | ||
| 041 | _aESP | ||
| 082 |
_a354.33 _bM95 |
||
| 100 |
_aMunicipalidad Provincial de Arequipa _eAUT |
||
| 245 | 0 |
_aPIGARS 2012: _bplan Integral de gestión ambiental de residuos sólidos |
|
| 260 | _c2012 | ||
| 300 |
_a106 páginas : _c29 cm. |
||
| 650 | _aGEN | ||
| 654 | _aCIA | ||
| 942 |
_cLIB _dJUS _fJUS _2ddc _n |
||
| 999 |
_c7705 _d7705 |
||